Statistics for Brawl Stars Game Modes

Click here to take the quiz!

General Stats

  • This quiz has been taken 133 times
  • The average score is 10 of 20

Answer Stats

Answer% Correct
Brawl Ball
94%
G
91%
Showdown
90%
Gem Grab
89%
Heist
82%
Knockout
72%
Bounty
69%
Hot Zone
61%
Basket Brawl
59%
Siege
51%
Robo Rumble
45%
Duo Showdown
44%
Volley Brawl
41%
Boss Fight
37%
Big Game
32%
Takedown
23%
Present Plunder | Trophy Thieves
18%
Super City Rampage.
17%
Hold The Trophy
15%
Lone Star
15%

Score Distribution

Percentile by Number Answered

Percent of People with Each Score

Your Score History

You have not taken this quiz